NHL Assists Leaders 2016-2017 - Statistics

General Stats
  • This quiz has been taken 105 times
  • The average score is 12 of 15
Answer Stats
# Team Assists Player % Correct
1 Edmonton Oilers 70 Connor McDavid
100%
5 Chicago Blackhawks 55 Patrick Kane
100%
3 Anaheim Ducks 58 Ryan Getzlaf
99%
6 Ottawa Senators 54 Erik Karlsson
95%
9 Winnipeg Jets 48 Blake Wheeler
94%
2 Washington Capitals 63 Niklas Backstrom
94%
4 Tampa Bay Lightning 56 Victor Hedman
94%
10 Edmonton Oilers 48 Leon Draisaitl
88%
14 San Jose Sharks 47 Brent Burns
87%
12 Chicago Blackhawks 47 Duncan Keith
80%
8 Winnipeg Jets 50 Mark Scheifele
80%
13 Pittsburgh Penguins 47 Phil Kessel
71%
7 Detroit Red Wings 51 Henrik Zetterberg
67%
11 Nashville Predators 47 Ryan Johansen
45%
15 Columbus Blue Jackets 46 Alexander Wennberg
17%
No matching quizzes found
Score Distribution
Percent of People with Each Score
Percentile by Number Answered
Your Score History
You have not taken this quiz